عرض عادي
عرض مارك
- الرقابة الإدارية
دخول Topical Term
001 - CONTROL NUMBER
- control field: 27308
003 - CONTROL NUMBER IDENTIFIER
- control field: AE-AdECS
005 - DATE AND TIME OF LATEST TRANSACTION
- control field: 20260317130250.0
008 - FIXED-LENGTH DATA ELEMENTS
- fixed length control field: 260317|| aca||aabn | a|a d
040 ## - CATALOGING SOURCE
- Original cataloging agency: AE-AdECS
- Transcribing agency: AE-AdECS
150 ## - HEADING--TOPICAL TERM
- Topical term or geographic name entry element: الرقابة الإدارية
- General subdivision: أدوات وآليات
670 ## - SOURCE DATA FOUND
- Source citation: Work cat.: (AE-AdECS)294418: الدسوقي، طارق نبيل محمد مؤلف. 27306, الإدارة الرشيدة والحوكمة /
